000 00652nam a22001937a 4500
003 OSt
005 20251128162134.0
008 251128b |||||||| |||| 00| 0 eng d
020 _a945.61 G377a 2011
040 _aDWC-Main Lib.
_cOC
082 _aSC. 945.61 G377a 2011
100 _aGerona, Danilo M.
245 _aAlbay :
_bwinding down the historic abaca trail/
_cDanilo M. Gerona
260 _aAlbay, Philippines :
_bProvincial Government of Albay, danilo M. Gerona,
_cc2011.
300 _a313 p. :
_bill. ;
_c24 cm.
500 _aIncludes bibliographical references.
650 _a1. Albay, Bicol (Region V)-History.
942 _2ddc
_cSC
_kSC.
_n0
999 _c6578
_d6578